00620 2200229 4500001002100000005001700021008004100038020002200079035002400101090002000125100001600145245003800161250001100199260003300210300002300243500003100266650003500297850001600332980001400348985000600362999002200368YOGYA-0209000004654320090227031229.0 ind  a978-979-756-197-0 0010-020900000046543 a337bAma ElDEP aAMALIA, Lia aEkonomi internasionalcLia Amalia aCet. 1 aYogyakartabGraha Ilmuc2007 axi, 218 hlmc23 cm aBibliografi : hlm. 215-218 aHubungan ekonomi internasional aYOPDYOG (M) a6-11-2007 a1 aCB-D.11 2007-325h